FURTHER STUDIES FOR HEALTH (Record no. 2286)

MARC details
000 -LEADER
fixed length control field 00342nam a2200145Ia 4500
008 - FIXED-LENGTH DATA ELEMENTS--GENERAL INFORMATION
fixed length control field 150201s2002 xx 000 0 und d
082 ## - DEWEY DECIMAL CLASSIFICATION NUMBER
Classification number 610.734
Item number F02T
100 ## - MAIN ENTRY--PERSONAL NAME
Personal name THOMOSON, HILORY
245 ## - TITLE STATEMENT
Title FURTHER STUDIES FOR HEALTH
250 ## - EDITION STATEMENT
Edition statement 2ND
260 ## - PUBLICATION, DISTRIBUTION, ETC. (IMPRINT)
Name of publisher, distributor, etc. HODDER
Date of publication, distribution, etc. 2002
300 ## - PHYSICAL DESCRIPTION
Extent 380
650 ## - SUBJECT ADDED ENTRY--TOPICAL TERM
Topical term or geographic name as entry element COMMUNITy NURSING
942 ## - ADDED ENTRY ELEMENTS (KOHA)
Source of classification or shelving scheme Dewey Decimal Classification
Koha item type Books
Koha issues (borrowed), all copies 1
Holdings
Withdrawn status Lost status Source of classification or shelving scheme Damaged status Not for loan Collection code Home library Current library Shelving location Date acquired Source of acquisition Cost, normal purchase price SGTU Bill Number Total Checkouts Full call number Barcode Date last seen Bill Date Koha item type Date last checked out
    Dewey Decimal Classification   Not For Loan NURSING SGT Medical Library SGT Medical Library Reference Book 06/07/2014 ABC DELHI 0.00 SGTU 4669   610.734 F02T FN1846 09/02/2015 06/07/2014 Books  
    Dewey Decimal Classification   Not For Loan NURSING SGT Medical Library SGT Medical Library Reference Book 06/07/2014 ABC DELHI 0.00 SGTU 4669   610.734 F02T FN1847 09/02/2015 06/07/2014 Books  
    Dewey Decimal Classification   Not For Loan NURSING SGT Medical Library SGT Medical Library Reference Book 06/07/2014 ABC DELHI 0.00 SGTU 4669   610.734 F02T FN1848 09/02/2015 06/07/2014 Books  
    Dewey Decimal Classification     NURSING SGT Medical Library SGT Medical Library Reference Book 06/07/2014 ABC DELHI 0.00 SGTU 4669 1 610.734 F02T FN1849 22/04/2024 06/07/2014 Books 15/04/2024
    Dewey Decimal Classification   Not For Loan NURSING SGT Medical Library SGT Medical Library Reference Book 06/07/2014 ABC DELHI 0.00 SGTU 4669   610.734 F02T FN1850 09/02/2015 06/07/2014 Books